00483 2200193 4500001002100000005001500021008004100036020001800077035001900095041000700114082001000121090001600131100002200147245004600169260003200215300002600247500000600273650001000279INLIS00000000000000320241224112111241224||||||||| | ||| |||| || |  a979-518-246-3 0010-1224000003 aid0 a342.2 a342.2 SIT p0 aVictor Situmorang00aPokok - Pokok Peradilan Tata Usaha Negara aJakartabRineka Ciptac1992 aviii, 174 hlm,: 21 cm a2 0aHukum